00610cam a2200193 a 450000100100000000500170001000800410002701000130006804000250008108200230010610000280012924500950015725000110025226000420026330000270030565000240033265000260035670000340038200000214720200929145841.0851021s1968 sp af 001 p spa  a85595505 aDO-SdBNPbspacBNPHU a861.64bZ35e, 19681 aZapata Acosta, Ramón.10aEspejos y figuras :bpoemas /cRamón Zapata Acosta ; prólogo por Francisco Lluch Mora. a2a ed. aBarcelona :bEdiciones Rvmbos,c1968. a87 p. :bil. ;c25 cm. 4aPoesía española 4aLiteratura española1 aFrancisco Lluch Moraepról.